[Event "23. Copenhagen Open  (Politiken Cup)"]
[Site "Copenhagen"]
[Date "2001.07.20"]
[Round "6"]
[White "Olsen, Miriam Frida"]
[Black "Helin, Mikael"]
[Result "0-1"]
[WhiteElo "1604"]
[BlackElo "1984"]
[PlyCount "50"]
[EventDate "2001.07.16"]
[EventType "swiss"]
[EventRounds "11"]
[EventCountry "DEN"]
[SourceDate "2004.01.01"]

1. e4 c5 2. Nc3 Nc6 3. g3 e5 4. d3 g6 5. f4 Bg7 6. Bg2 d6 7. Nh3 h6 8. O-O Nge7
9. Be3 b6 10. Nf2 h5 11. Nd5 Nxd5 12. exd5 Ne7 13. c3 Nf5 14. Bd2 h4 15. g4 h3
16. Nxh3 Nh4 17. fxe5 Bxe5 18. Bf4 Nxg2 19. Bxe5 dxe5 20. Qf3 Nf4 21. Nxf4 exf4
22. Rae1+ Kf8 23. Qxf4 Qxd5 24. Re5 Qd7 25. Qf6 Qxg4+ 0-1

[Event "23. Copenhagen Open  (Politiken Cup)"]
[Site "Copenhagen"]
[Date "2001.07.20"]
[Round "6"]
[White "Paaske, Asger"]
[Black "Jorgensen, Brian"]
[Result "1-0"]
[WhiteElo "2062"]
[BlackElo "2265"]
[PlyCount "191"]
[EventDate "2001.07.16"]
[EventType "swiss"]
[EventRounds "11"]
[EventCountry "DEN"]
[SourceDate "2004.01.01"]

1. e4 c5 2. c3 d5 3. exd5 Qxd5 4. d4 Nf6 5. Nf3 e6 6. Bd3 Nc6 7. O-O Be7 8. Re1
O-O 9. Be3 Rd8 10. Bc2 Qh5 11. Nbd2 Nd5 12. Qe2 Nxe3 13. Qxe3 cxd4 14. cxd4 Nb4
15. Be4 Bd7 16. Ne5 Bc6 17. Nxc6 Nxc6 18. Bxc6 bxc6 19. Nf3 Qd5 20. Rec1 Rab8
21. Rc2 h6 22. h3 Bf6 23. b3 Rbc8 24. Rac1 Qa5 25. Qe4 Qa3 26. Ne5 Bxe5 27.
dxe5 c5 28. f4 Rd5 29. f5 Rcd8 30. fxe6 fxe6 31. Rf1 Qb4 32. Rc4 Qd2 33. Qg6
Qe3+ 34. Kh1 Rd1 35. Qf7+ Kh8 36. Rcf4 Qxe5 37. Rxd1 Rxd1+ 38. Rf1 Rxf1+ 39.
Qxf1 Kg8 40. Qa6 Qe1+ 41. Kh2 Qe5+ 42. Kh1 Qd5 43. Qxa7 e5 44. Qb8+ Kh7 45. a4
e4 46. Qf4 g5 47. Qe3 Qd1+ 48. Kh2 Qd6+ 49. Kg1 Qd1+ 50. Kf2 Qc2+ 51. Kg3 Kg7
52. a5 Qd1 53. Kh2 Qd6+ 54. Kg1 Qd1+ 55. Kf2 Qc2+ 56. Kg3 Qd1 57. Qxe4 Qxb3+
58. Kh2 Qb8+ 59. Kg1 Qb5 60. Qe7+ Kg8 61. Qd8+ Kg7 62. Qc7+ Kg8 63. Qb6 Qc4 64.
a6 Qc1+ 65. Kf2 Qd2+ 66. Kf3 g4+ 67. hxg4 Qd3+ 68. Kf4 Qd4+ 69. Kf5 Qd5+ 70.
Kf4 Qd4+ 71. Kf3 Qd3+ 72. Kf2 Qd2+ 73. Kg3 Qe1+ 74. Kf4 Kf7 75. Qc7+ Kf6 76.
Qd6+ Kf7 77. Qd5+ Kf8 78. Qxc5+ Kg8 79. Qd5+ Kf8 80. Qd6+ Kf7 81. Kf3 Qf1+ 82.
Kg3 Qe1+ 83. Kh3 Qh1+ 84. Qh2 Qa1 85. Qc7+ Kg6 86. a7 Qa3+ 87. g3 Qa6 88. Qc2+
Kg7 89. Qf2 Qb7 90. Kh2 Kg6 91. Qd4 Kh7 92. Kg1 Kg6 93. Kf2 Kg5 94. Qf4+ Kg6
95. Qb8 Qf7+ 96. Kg1 1-0

[Event "23. Copenhagen Open  (Politiken Cup)"]
[Site "Copenhagen"]
[Date "2001.07.20"]
[Round "6"]
[White "Pallesen, Jacob"]
[Black "Helledie, Anders"]
[Result "1/2-1/2"]
[WhiteElo "2061"]
[BlackElo "2221"]
[PlyCount "99"]
[EventDate "2001.07.16"]
[EventType "swiss"]
[EventRounds "11"]
[EventCountry "DEN"]
[SourceDate "2004.01.01"]

1. e4 e6 2. d4 d5 3. exd5 exd5 4. Nf3 Bd6 5. c4 Nf6 6. c5 Be7 7. Bd3 Nc6 8. O-O
Bg4 9. Be3 Ne4 10. Be2 f5 11. Ne5 Bxe2 12. Nxc6 Bxd1 13. Nxd8 Rxd8 14. Rxd1 O-O
15. Bf4 c6 16. f3 Ng5 17. Na3 Ne6 18. Be5 b6 19. cxb6 Bxa3 20. bxa3 axb6 21.
Rab1 b5 22. Rdc1 Rc8 23. Rb4 Rfe8 24. a4 bxa4 25. Rxa4 Re7 26. Ra5 Rd7 27. a4
Kf7 28. Ra6 Nd8 29. a5 Rb7 30. Rb6 Ra7 31. a6 Rca8 32. Ra1 Ke6 33. Rb8 g6 34.
Bc7 Rxb8 35. Bxb8 Ra8 36. a7 Kd7 37. Kf2 Ne6 38. Ke3 Kc8 39. Kd3 Nf8 40. Re1
Kd8 41. Rc1 Nd7 42. Rxc6 Nxb8 43. axb8=Q+ Rxb8 44. Rd6+ Ke7 45. Rxd5 Rb2 46.
Re5+ Kd6 47. Re2 Rb1 48. Ra2 Rh1 49. g3 Kd5 50. Ra5+ 1/2-1/2

[Event "23. Copenhagen Open  (Politiken Cup)"]
[Site "Copenhagen"]
[Date "2001.07.20"]
[Round "6"]
[White "Palo, Davor"]
[Black "Ward, Christopher"]
[Result "0-1"]
[WhiteElo "2325"]
[BlackElo "2493"]
[PlyCount "92"]
[EventDate "2001.07.16"]
[EventType "swiss"]
[EventRounds "11"]
[EventCountry "DEN"]
[SourceDate "2004.01.01"]

1. d4 Nf6 2. c4 e6 3. Nc3 Bb4 4. Qc2 d5 5. cxd5 exd5 6. Bg5 c5 7. dxc5 h6 8.
Bh4 g5 9. Bg3 Ne4 10. e3 Qa5 11. Be5 O-O 12. Bd3 Nc6 13. Bxe4 Nxe5 14. Bxd5 Bg4
15. Nf3 Bxf3 16. Bxf3 Nxf3+ 17. gxf3 Rac8 18. O-O Rxc5 19. Qe4 Bxc3 20. bxc3
Qc7 21. Rad1 Rxc3 22. Rd4 Qc6 23. Qxc6 Rxc6 24. Rd7 Rb8 25. Rb1 Ra6 26. Rb2 Kg7
27. Rc2 Kg6 28. Kg2 b5 29. Kg3 b4 30. Rcd2 Rbb6 31. f4 Ra5 32. R7d6+ Rxd6 33.
Rxd6+ f6 34. Rd4 gxf4+ 35. Kxf4 Rxa2 36. Rxb4 Rxf2+ 37. Kg3 Ra2 38. Rb7 a5 39.
Ra7 a4 40. Ra5 a3 41. h3 Ra1 42. Kg2 a2 43. Kh2 Kf7 44. Ra6 Ke7 45. Kg2 Kd7 46.
h4 h5 0-1

[Event "23. Copenhagen Open  (Politiken Cup)"]
[Site "Copenhagen"]
[Date "2001.07.20"]
[Round "6"]
[White "Petersen, Peter Birk"]
[Black "Aaberg, Anton"]
[Result "0-1"]
[WhiteElo "2230"]
[BlackElo "2373"]
[PlyCount "70"]
[EventDate "2001.07.16"]
[EventType "swiss"]
[EventRounds "11"]
[EventCountry "DEN"]
[SourceDate "2004.01.01"]

1. e4 c5 2. Nf3 Nc6 3. d4 cxd4 4. Nxd4 Nf6 5. Nc3 e5 6. Ndb5 d6 7. Bg5 a6 8.
Na3 b5 9. Nd5 Be7 10. Bxf6 Bxf6 11. c3 Bg5 12. Nc2 O-O 13. a4 bxa4 14. Rxa4 a5
15. b4 Rb8 16. Bd3 axb4 17. cxb4 Ne7 18. Nxe7+ Qxe7 19. b5 Bd7 20. Qe2 Rfc8 21.
O-O Qe8 22. Rb1 g6 23. Ra6 Rc5 24. b6 Bc8 25. Ra7 Qc6 26. h4 Bxh4 27. b7 Rxb7
28. Nb4 Rc1+ 29. Kh2 Qc5 30. Rxc1 Qxc1 31. Ra8 Kg7 32. Nd5 Be6 33. Ra2 Bd8 34.
g3 h5 35. Bc4 Rb1 0-1

[Event "23. Copenhagen Open  (Politiken Cup)"]
[Site "Copenhagen"]
[Date "2001.07.20"]
[Round "6"]
[White "Psakhis, Lev"]
[Black "Lezcano Jaen, Pedro"]
[Result "1/2-1/2"]
[WhiteElo "2566"]
[BlackElo "2386"]
[PlyCount "41"]
[EventDate "2001.07.16"]
[EventType "swiss"]
[EventRounds "11"]
[EventCountry "DEN"]
[SourceDate "2004.01.01"]

1. d4 Nf6 2. c4 e6 3. Nc3 Bb4 4. e3 b6 5. Bd3 Bb7 6. Nf3 Ne4 7. O-O f5 8. Qc2
Bxc3 9. bxc3 O-O 10. Ne1 c5 11. f3 Nd6 12. Ba3 Na6 13. Qe2 Qe7 14. Nc2 e5 15.
e4 f4 16. g3 g5 17. gxf4 gxf4 18. Kh1 Kh8 19. Rg1 Rg8 20. Qf2 Nf7 21. Rxg8+
1/2-1/2

[Event "23. Copenhagen Open  (Politiken Cup)"]
[Site "Copenhagen"]
[Date "2001.07.20"]
[Round "6"]
[White "Radovic, Slobodan"]
[Black "Andersen, Kasper Lolk"]
[Result "1-0"]
[WhiteElo "1492"]
[BlackElo "1192"]
[PlyCount "130"]
[EventDate "2001.07.16"]
[EventType "swiss"]
[EventRounds "11"]
[EventCountry "DEN"]
[SourceDate "2004.01.01"]

1. Nf3 d5 2. g3 Nc6 3. d4 Bg4 4. Nbd2 g6 5. Bg2 Bg7 6. c3 e5 7. dxe5 Nxe5 8.
Nxe5 Bxe5 9. Qb3 Qe7 10. Qxb7 Rd8 11. Bxd5 Bxc3 12. O-O Bd4 13. Ne4 h6 14. e3
Bb6 15. Bd2 Bf3 16. Bc3 Bxe4 17. Bxe4 Nf6 18. Bc6+ Kf8 19. Rad1 Kg7 20. Bd4 Rb8
21. Qa6 Rhd8 22. Bc3 Qe6 23. Bxf6+ Qxf6 24. Qb5 a6 25. Qc4 a5 26. Qc3 Qxc3 27.
bxc3 Rd6 28. Rxd6 cxd6 29. c4 Bc7 30. Bb5 Rd8 31. Rd1 Kf6 32. Kg2 Kg5 33. h4+
Kf5 34. Rd5+ Ke6 35. g4 Rg8 36. Kh3 f6 37. e4 Re8 38. a4 Bb6 39. f3 Be3 40. Rd3
Bf4 41. Rd5 g5 42. h5 Rc8 43. Kg2 Rc5 44. Rd3 Ke7 45. Rb3 Ke6 46. Ba6 Ke5 47.
Rb7 Kd4 48. Rh7 Rc6 49. Bb5 Rxc4 50. Bxc4 Kxc4 51. Rxh6 Be5 52. Rh7 Kb4 53. Re7
Bd4 54. h6 Kxa4 55. h7 f5 56. e5 Bxe5 57. Rxe5 dxe5 58. gxf5 Kb3 59. h8=Q a4
60. Qxe5 a3 61. Qe3+ Kb2 62. Qxa3+ Kxa3 63. f6 Kb4 64. f7 Kc4 65. f8=Q Kd4 1-0

[Event "23. Copenhagen Open  (Politiken Cup)"]
[Site "Copenhagen"]
[Date "2001.07.20"]
[Round "6"]
[White "Rasmussen, Bo"]
[Black "Pedersen, Steffen"]
[Result "0-1"]
[WhiteElo "2160"]
[BlackElo "2453"]
[PlyCount "62"]
[EventDate "2001.07.16"]
[EventType "swiss"]
[EventRounds "11"]
[EventCountry "DEN"]
[SourceDate "2004.01.01"]

1. d4 Nf6 2. c4 c5 3. d5 b5 4. cxb5 a6 5. bxa6 g6 6. Nc3 Bxa6 7. e4 Bxf1 8.
Kxf1 d6 9. g3 Bg7 10. Kg2 Nbd7 11. Nf3 O-O 12. Re1 Ra6 13. h3 Qa8 14. Bg5 Nb6
15. Qd3 Rc8 16. Rac1 h6 17. Be3 Na4 18. Nd1 e6 19. dxe6 Nxe4 20. exf7+ Kxf7 21.
b3 Nb6 22. Bxc5 Nxc5 23. Qe2 Re8 24. Qxe8+ Qxe8 25. Rxe8 Kxe8 26. Rc2 Nd5 27.
Nh4 Kf7 28. Ne3 Nc3 29. Nc4 d5 30. Nd2 Rxa2 31. Rxa2 Nxa2 0-1

[Event "23. Copenhagen Open  (Politiken Cup)"]
[Site "Copenhagen"]
[Date "2001.07.20"]
[Round "6"]
[White "Rasmussen, Casper Dahl"]
[Black "Nielsen, Nicholas Roland"]
[Result "1-0"]
[WhiteElo "2281"]
[BlackElo "2065"]
[PlyCount "35"]
[EventDate "2001.07.16"]
[EventType "swiss"]
[EventRounds "11"]
[EventCountry "DEN"]
[SourceDate "2004.01.01"]

1. c4 Nf6 2. g3 g6 3. Bg2 Bg7 4. Nc3 O-O 5. d3 c5 6. a3 Nc6 7. Rb1 a5 8. Nh3 d6
9. Nf4 e5 10. Nfd5 Nxd5 11. Nxd5 Be6 12. O-O Ne7 13. Nxe7+ Qxe7 14. b4 axb4 15.
axb4 Rab8 16. bxc5 dxc5 17. Rb6 f5 18. Rxe6 1-0

[Event "23. Copenhagen Open  (Politiken Cup)"]
[Site "Copenhagen"]
[Date "2001.07.20"]
[Round "6"]
[White "Rasmussen, Henning Lau"]
[Black "Simonsen, Per"]
[Result "0-1"]
[WhiteElo "2015"]
[BlackElo "1723"]
[PlyCount "120"]
[EventDate "2001.07.16"]
[EventType "swiss"]
[EventRounds "11"]
[EventCountry "DEN"]
[SourceDate "2004.01.01"]

1. d4 Nf6 2. c4 e6 3. Nc3 c5 4. d5 exd5 5. cxd5 d6 6. e4 g6 7. h3 a6 8. a4 Bg7
9. Nf3 O-O 10. Be2 Re8 11. Qc2 Nbd7 12. Bf4 Qe7 13. Nd2 Ne5 14. O-O h6 15. Bg3
g5 16. f4 gxf4 17. Bxf4 b6 18. Rae1 Nfd7 19. Nf3 Ng6 20. Bg3 Nde5 21. Qd2 Rb8
22. Nxe5 Nxe5 23. Bh5 Rf8 24. Qf4 Qg5 25. Be2 Kh7 26. Nd1 b5 27. axb5 axb5 28.
Ne3 c4 29. Nf5 Bxf5 30. exf5 Bf6 31. Rd1 Rfc8 32. Qxg5 hxg5 33. Rc1 Rc5 34.
Rfd1 Kg7 35. Bf2 Rcc8 36. Bd4 Nd7 37. Bxf6+ Kxf6 38. Ra1 Rc7 39. Ra6 Rb6 40.
Rxb6 Nxb6 41. g4 Rc5 42. Bf3 b4 43. Kf2 Ra5 44. Ke3 Ra2 45. Rd2 c3 46. Re2 Nc4+
47. Kd4 Nxb2 48. Be4 Ra1 49. Bc2 Rh1 50. Bb3 Rxh3 51. Rg2 Rd3+ 52. Ke4 Rd2 53.
Rg1 Nd3 54. Kd4 Ne5+ 55. Ke3 Rb2 56. Ba4 b3 57. Rc1 c2 58. Bxb3 Rxb3+ 59. Kd2
Nxg4 60. Kxc2 Rb5 0-1

[Event "23. Copenhagen Open  (Politiken Cup)"]
[Site "Copenhagen"]
[Date "2001.07.20"]
[Round "6"]
[White "Rendboe, John Filip"]
[Black "Marder, Simon"]
[Result "0-1"]
[WhiteElo "2243"]
[BlackElo "2058"]
[PlyCount "72"]
[EventDate "2001.07.16"]
[EventType "swiss"]
[EventRounds "11"]
[EventCountry "DEN"]
[SourceDate "2004.01.01"]

1. d4 Nc6 2. Nf3 d5 3. g3 Bg4 4. Bg2 Qd7 5. O-O f6 6. Nc3 e6 7. b3 O-O-O 8. Bb2
h5 9. e4 h4 10. exd5 exd5 11. Qd2 Bh3 12. Nd1 g5 13. Ne3 Nge7 14. Rfd1 Ng6 15.
Bxh3 Qxh3 16. Qd3 Nce7 17. Qf1 Qd7 18. c4 Kb8 19. Qg2 Rg8 20. Ne1 Nf4 21. Qf3
hxg3 22. fxg3 Nh3+ 23. Kf1 g4 24. Qg2 Bh6 25. N1c2 c6 26. Qe2 f5 27. Ke1 f4 28.
gxf4 Nxf4 29. Qf2 Nh3 30. Qf6 Bg5 31. Qe5+ Ka8 32. Rd3 Rde8 33. Qg3 Ng6 34. Kd1
Bh4 35. Qg2 Ngf4 36. Qf1 Nf2+ 0-1

[Event "23. Copenhagen Open  (Politiken Cup)"]
[Site "Copenhagen"]
[Date "2001.07.20"]
[Round "6"]
[White "Rosenberg, Jan"]
[Black "Petersen, Nils"]
[Result "0-1"]
[WhiteElo "1785"]
[BlackElo "2050"]
[PlyCount "80"]
[EventDate "2001.07.16"]
[EventType "swiss"]
[EventRounds "11"]
[EventCountry "DEN"]
[SourceDate "2004.01.01"]

1. e4 c5 2. c3 Nf6 3. e5 Nd5 4. d4 cxd4 5. Nf3 Nc6 6. cxd4 d6 7. exd6 e6 8. Bc4
Bxd6 9. O-O O-O 10. Nc3 Nce7 11. Ne4 Bc7 12. a3 b6 13. Re1 Bb7 14. Bd3 h6 15.
Ne5 Nf5 16. Qg4 Nxd4 17. Ng5 Bxe5 18. Rxe5 Nf6 19. Qh3 Nb3 20. Nxe6 Bc8 21.
Bxh6 Bxe6 22. Qg3 Ne8 23. Rh5 f5 24. Bg5 Nf6 25. Re1 Nxh5 26. Bxd8 Nxg3 27.
Rxe6 Raxd8 28. Bc4 Nd2 29. Ba2 Kh8 30. hxg3 Rfe8 31. Rg6 Kh7 32. Rg5 g6 33. f4
Ne4 34. Bf7 Nxg5 35. Bxe8 Rxe8 36. fxg5 Re2 37. Kf1 Rxb2 38. a4 Ra2 39. Ke1
Rxa4 40. Ke2 Rc4 0-1

[Event "23. Copenhagen Open  (Politiken Cup)"]
[Site "Copenhagen"]
[Date "2001.07.20"]
[Round "6"]
[White "Rossen, Claus"]
[Black "Simonsen, Hans Kristian"]
[Result "0-1"]
[WhiteElo "2210"]
[BlackElo "1930"]
[PlyCount "80"]
[EventDate "2001.07.16"]
[EventType "swiss"]
[EventRounds "11"]
[EventCountry "DEN"]
[SourceDate "2004.01.01"]

1. d4 Nf6 2. c4 g6 3. Nc3 Bg7 4. e4 d6 5. Nf3 O-O 6. Be2 e5 7. O-O Nbd7 8. Qc2
c6 9. d5 c5 10. a3 Nh5 11. Re1 Qe7 12. b4 Nf4 13. Bf1 Nf6 14. Bxf4 exf4 15. e5
Nh5 16. exd6 Qxd6 17. Ne4 Qb6 18. bxc5 Qa5 19. Ra2 Bf5 20. Qd2 Qc7 21. Nd6 Bg4
22. Ne5 Bxe5 23. Rxe5 Qxc5 24. Qb4 Qc7 25. c5 b6 26. cxb6 Qxb6 27. Nc4 Qf6 28.
Qe7 f3 29. Rd2 Rac8 30. Qxf6 Nxf6 31. Ne3 fxg2 32. Kxg2 Rc5 33. Re7 Bd7 34. Be2
Rc3 35. Rd3 Rfc8 36. Rxc3 Rxc3 37. Nc4 Bb5 38. Rc7 Nxd5 39. Rc8+ Kg7 40. Bf3
Rxc4 0-1

[Event "23. Copenhagen Open  (Politiken Cup)"]
[Site "Copenhagen"]
[Date "2001.07.20"]
[Round "6"]
[White "Royset, Paal"]
[Black "Bleis, Christian"]
[Result "1/2-1/2"]
[WhiteElo "2257"]
[BlackElo "2126"]
[PlyCount "54"]
[EventDate "2001.07.16"]
[EventType "swiss"]
[EventRounds "11"]
[EventCountry "DEN"]
[SourceDate "2004.01.01"]

1. e4 c5 2. c3 d5 3. exd5 Qxd5 4. d4 Nf6 5. Nf3 Bg4 6. Qa4+ Nc6 7. Bc4 Qd7 8.
Nbd2 cxd4 9. cxd4 e6 10. O-O a6 11. Bb5 Rc8 12. Bxc6 Qxc6 13. Qb3 Bd6 14. Ne5
Qd5 15. Qe3 O-O 16. Re1 Rc2 17. h3 Bf5 18. Ndf3 h6 19. Re2 Rfc8 20. Rxc2 Rxc2
21. Ne1 Rc8 22. Bd2 Ne4 23. N5f3 Nxd2 24. Qxd2 e5 25. Qe3 exd4 26. Nxd4 Bc5 27.
Nxf5 Qxf5 1/2-1/2

[Event "23. Copenhagen Open  (Politiken Cup)"]
[Site "Copenhagen"]
[Date "2001.07.20"]
[Round "6"]
[White "Schmied, Andreas"]
[Black "Zachariassen, John"]
[Result "0-1"]
[WhiteElo "2138"]
[BlackElo "1864"]
[PlyCount "52"]
[EventDate "2001.07.16"]
[EventType "swiss"]
[EventRounds "11"]
[EventCountry "DEN"]
[SourceDate "2004.01.01"]

1. d4 Nf6 2. c4 g6 3. Nc3 Bg7 4. e4 d6 5. Nf3 O-O 6. Be2 e5 7. O-O Nc6 8. d5
Ne7 9. b4 Ne8 10. c5 h6 11. Nd2 f5 12. Ba3 Rf7 13. Rc1 Bf8 14. f3 f4 15. Nc4 g5
16. cxd6 cxd6 17. b5 Ng6 18. Bb4 Rg7 19. Qa4 h5 20. Ba5 Qf6 21. Bb6 g4 22. Bxa7
Nh4 23. Rf2 g3 24. hxg3 fxg3 25. Kf1 gxf2 26. Ne3 b6 0-1

[Event "23. Copenhagen Open  (Politiken Cup)"]
[Site "Copenhagen"]
[Date "2001.07.20"]
[Round "6"]
[White "Skovgaard, Peter Nicolai"]
[Black "McShane, Rod"]
[Result "1-0"]
[WhiteElo "1688"]
[BlackElo "1400"]
[PlyCount "65"]
[EventDate "2001.07.16"]
[EventType "swiss"]
[EventRounds "11"]
[EventCountry "DEN"]
[SourceDate "2004.01.01"]

1. e4 c5 2. Nf3 d6 3. d4 cxd4 4. Nxd4 Nf6 5. Nc3 a6 6. h3 e6 7. Be2 Be7 8. O-O
O-O 9. f4 b5 10. a3 Bb7 11. Bf3 Nbd7 12. Nb3 Qb6+ 13. Kh1 Rfd8 14. Qe2 Qc7 15.
Be3 Nb6 16. Na5 d5 17. Qf2 Nc4 18. Nxc4 Qxc4 19. Be2 Qc6 20. exd5 Nxd5 21. Nxd5
exd5 22. Bd3 d4 23. Bd2 Bh4 24. Qg1 Bc8 25. Be1 Bf6 26. Ba5 Re8 27. Rae1 Rxe1
28. Rxe1 Bxh3 29. Be4 Qc8 30. gxh3 Qxh3+ 31. Qh2 Qxh2+ 32. Kxh2 g6 33. Bxa8 1-0

[Event "23. Copenhagen Open  (Politiken Cup)"]
[Site "Copenhagen"]
[Date "2001.07.20"]
[Round "6"]
[White "Skovgaard, Tom"]
[Black "Sylvan, Jacob"]
[Result "0-1"]
[WhiteElo "2065"]
[BlackElo "2272"]
[PlyCount "62"]
[EventDate "2001.07.16"]
[EventType "swiss"]
[EventRounds "11"]
[EventCountry "DEN"]
[SourceDate "2004.01.01"]

1. e4 c5 2. Nf3 d6 3. d4 cxd4 4. Nxd4 Nf6 5. Nc3 g6 6. Bc4 Bg7 7. h3 O-O 8. Bb3
Nc6 9. Be3 Bd7 10. O-O a6 11. f4 b5 12. Qd3 Rc8 13. Nd5 Nxd5 14. exd5 Nxd4 15.
Bxd4 Bf5 16. Qd2 Bxd4+ 17. Qxd4 Bxc2 18. Rf2 Bf5 19. g4 Bd7 20. Re1 Rc5 21. f5
gxf5 22. gxf5 f6 23. Qxc5 dxc5 24. d6+ c4 25. dxe7 Qb8 26. Rg2+ Kf7 27. Bd1
Bxf5 28. exf8=Q+ Kxf8 29. Bh5 Bxh3 30. Rge2 Qg3+ 31. Kh1 Bg2+ 0-1

[Event "23. Copenhagen Open  (Politiken Cup)"]
[Site "Copenhagen"]
[Date "2001.07.20"]
[Round "6"]
[White "Spanton, Timothy"]
[Black "Tandrup, Michael"]
[Result "1-0"]
[WhiteElo "2051"]
[BlackElo "1795"]
[PlyCount "37"]
[EventDate "2001.07.16"]
[EventType "swiss"]
[EventRounds "11"]
[EventCountry "DEN"]
[SourceDate "2004.01.01"]

1. e4 c5 2. Nc3 e6 3. g3 b6 4. Bg2 Bb7 5. Nge2 Nc6 6. O-O g6 7. d4 cxd4 8. Nxd4
Bg7 9. Ndb5 Bf8 10. Nd6+ Bxd6 11. Qxd6 Qb8 12. Nb5 Qxd6 13. Nxd6+ Ke7 14. e5
Rb8 15. Rd1 h6 16. b4 Nd8 17. b5 Bxg2 18. Ba3 Ba8 19. Nf5+ 1-0

[Event "23. Copenhagen Open  (Politiken Cup)"]
[Site "Copenhagen"]
[Date "2001.07.20"]
[Round "6"]
[White "Stovring, Claus"]
[Black "Elka, Parviz"]
[Result "1-0"]
[WhiteElo "1966"]
[BlackElo "1329"]
[PlyCount "69"]
[EventDate "2001.07.16"]
[EventType "swiss"]
[EventRounds "11"]
[EventCountry "DEN"]
[SourceDate "2004.01.01"]

1. e4 c6 2. d4 d5 3. e5 Bf5 4. h4 h6 5. c4 e6 6. Nc3 Bb4 7. a3 Ba5 8. b4 Bc7 9.
cxd5 cxd5 10. Nge2 Ne7 11. Nb5 Nbc6 12. Nxc7+ Qxc7 13. Be3 a6 14. Rc1 Rc8 15.
Nc3 O-O 16. g4 Bg6 17. Qd2 f5 18. h5 Bh7 19. g5 hxg5 20. Bxg5 Kh8 21. Qf4 Rf7
22. Be2 Qb6 23. Rh4 Kg8 24. Na4 Qc7 25. Nc5 Nd8 26. Qg3 Qb6 27. Rc3 Nec6 28. h6
g6 29. Bf6 Qc7 30. Qg5 Ne7 31. Ne4 Ndc6 32. Nd6 Rd8 33. Nxf7 Kxf7 34. Rhh3 Qb6
35. Bxe7 1-0

[Event "23. Copenhagen Open  (Politiken Cup)"]
[Site "Copenhagen"]
[Date "2001.07.20"]
[Round "6"]
[White "Thomsen, Heinrich Kirch"]
[Black "Schmidt, Horst Hubert"]
[Result "0-1"]
[WhiteElo "1361"]
[BlackElo "1674"]
[PlyCount "66"]
[EventDate "2001.07.16"]
[EventType "swiss"]
[EventRounds "11"]
[EventCountry "DEN"]
[SourceDate "2004.01.01"]

1. e4 d6 2. d4 g6 3. Nc3 Bg7 4. f4 Nf6 5. Nf3 O-O 6. Bd3 c6 7. O-O Qc7 8. h3
Nh5 9. Be3 Nd7 10. a4 a6 11. Qd2 e6 12. f5 gxf5 13. Bh6 f4 14. Bxf4 Nxf4 15.
Qxf4 e5 16. Qg3 exd4 17. Nxd4 Ne5 18. Nf5 Bxf5 19. exf5 f6 20. Be2 Kh8 21. Ne4
b6 22. Bh5 d5 23. Nd2 Qe7 24. Rae1 Qc5+ 25. Rf2 Qxc2 26. Nf3 Qxf5 27. Nxe5 Qxh5
28. Nxc6 Rfe8 29. Rf4 Rxe1+ 30. Qxe1 Qe8 31. Qxe8+ Rxe8 32. Rb4 Bh6 33. Rxb6
Be3+ 0-1

[Event "23. Copenhagen Open  (Politiken Cup)"]
[Site "Copenhagen"]
[Date "2001.07.20"]
[Round "6"]
[White "Aabling Thomsen, Jakob"]
[Black "Grahn, Lars"]
[Result "0-1"]
[WhiteElo "1889"]
[BlackElo "2100"]
[PlyCount "116"]
[EventDate "2001.07.16"]
[EventType "swiss"]
[EventRounds "11"]
[EventCountry "DEN"]
[SourceDate "2004.01.01"]

1. d4 d5 2. c4 e6 3. Nf3 Nf6 4. Bg5 Nbd7 5. Nc3 c6 6. e3 Qa5 7. Nd2 Bb4 8. Qc2
O-O 9. Be2 dxc4 10. Bxf6 Nxf6 11. Nxc4 Bxc3+ 12. bxc3 Qc7 13. e4 Qf4 14. Nd2 b6
15. O-O Bb7 16. g3 Qc7 17. e5 Nd7 18. Bd3 h6 19. Rac1 c5 20. Qb2 Rad8 21. Rfe1
Nb8 22. Ne4 Bxe4 23. Bxe4 Rd7 24. Red1 Rfd8 25. Qe2 Nc6 26. Qf3 Ne7 27. Rc2 b5
28. Rcd2 cxd4 29. Kg2 Qxe5 30. cxd4 Rxd4 31. Bc2 Rxd2 32. Rxd2 Nd5 33. Rd1 Rc8
34. Qd3 g6 35. Rb1 Qc3 36. Qxc3 Rxc3 37. Be4 Rc5 38. Rb3 a5 39. a3 Kf8 40. h4
Ke7 41. g4 g5 42. Rf3 Nf4+ 43. Kh2 Rc4 44. Bb7 Kd6 45. hxg5 hxg5 46. Rb3 b4 47.
axb4 axb4 48. Rb1 Kc5 49. Kg3 Rc3+ 50. Bf3 b3 51. Ra1 b2 52. Rb1 Rb3 53. Kh2
Rxf3 54. Rxb2 Nd3 55. Rc2+ Kd4 56. Rc7 Rxf2+ 57. Kh1 Ne5 58. Ra7 Rf4 0-1

[Event "23. Copenhagen Open  (Politiken Cup)"]
[Site "Copenhagen"]
[Date "2001.07.20"]
[Round "6"]
[White "Tozer, Richard"]
[Black "Kleinschroth, Roland"]
[Result "1/2-1/2"]
[WhiteElo "2315"]
[BlackElo "2160"]
[PlyCount "46"]
[EventDate "2001.07.16"]
[EventType "swiss"]
[EventRounds "11"]
[EventCountry "DEN"]
[SourceDate "2004.01.01"]

1. d4 d5 2. Nf3 Nc6 3. g3 Bg4 4. Bg2 Qd7 5. Nc3 O-O-O 6. Ne5 Nxe5 7. dxe5 e6 8.
Qd4 h5 9. Qxa7 Qc6 10. O-O Bc5 11. Qa8+ Kd7 12. Qa5 Ne7 13. Re1 Ra8 14. Qb5
Qxb5 15. Nxb5 c6 16. Nc3 h4 17. e4 hxg3 18. hxg3 Ng6 19. exd5 exd5 20. Be3 Nxe5
21. Bxc5 Nf3+ 22. Kf1 Nd2+ 23. Kg1 Nf3+ 1/2-1/2

[Event "23. Copenhagen Open  (Politiken Cup)"]
[Site "Copenhagen"]
[Date "2001.07.20"]
[Round "6"]
[White "Trarup, Jorgen"]
[Black "Nielsen, Marianne Izaura"]
[Result "1/2-1/2"]
[WhiteElo "1298"]
[BlackElo "1371"]
[PlyCount "116"]
[EventDate "2001.07.16"]
[EventType "swiss"]
[EventRounds "11"]
[EventCountry "DEN"]
[SourceDate "2004.01.01"]

1. e4 e5 2. Nf3 Nc6 3. Bb5 a6 4. Bxc6 dxc6 5. h3 Bd6 6. d4 exd4 7. Qxd4 f6 8.
O-O Be6 9. Re1 Be5 10. Qxd8+ Rxd8 11. Nxe5 fxe5 12. Bg5 Nf6 13. Nc3 Rd7 14.
Rad1 Rxd1 15. Rxd1 Ke7 16. f4 Kf7 17. fxe5 Nd7 18. Bf4 Rf8 19. b3 h6 20. Rf1
Ke7 21. Bg3 Rxf1+ 22. Kxf1 Bf7 23. Ke2 Nf8 24. Ke3 Ke6 25. Ne2 Nd7 26. Nd4+ Ke7
27. Nf5+ Kf8 28. Nd4 Ke7 29. c4 g6 30. h4 c5 31. Nf3 c6 32. Be1 b5 33. Kd3 b4
34. g4 Be6 35. g5 h5 36. Bg3 Bg4 37. Nh2 Bh3 38. Ke3 Ke6 39. Nf3 Bg4 40. Kf2
Nf8 41. Ne1 Kd7 42. Nd3 Ne6 43. Nf4 Nxf4 44. Bxf4 Bd1 45. Be3 Bc2 46. Bxc5 a5
47. Bb6 a4 48. Bc5 axb3 49. axb3 Bxb3 50. Bxb4 Bxc4 51. Ke3 Ke6 52. Kd4 Bb5 53.
Bd6 Ba4 54. Bf8 Bb5 55. Bg7 Ba4 56. Bf6 Bb5 57. Kc5 Bd3 58. Kxc6 Bxe4+ 1/2-1/2

[Event "23. Copenhagen Open  (Politiken Cup)"]
[Site "Copenhagen"]
[Date "2001.07.20"]
[Round "6"]
[White "Westlund, Mikael"]
[Black "Skjoldan, Benjamin"]
[Result "0-1"]
[WhiteElo "1996"]
[BlackElo "1720"]
[PlyCount "90"]
[EventDate "2001.07.16"]
[EventType "swiss"]
[EventRounds "11"]
[EventCountry "DEN"]
[SourceDate "2004.01.01"]

1. d4 Nf6 2. Nf3 g6 3. Bf4 Bg7 4. e3 d6 5. Nbd2 Nbd7 6. Bd3 O-O 7. O-O Nh5 8.
Bg5 Qe8 9. Re1 e5 10. c3 f5 11. dxe5 dxe5 12. h3 Nb6 13. Be2 Be6 14. e4 f4 15.
Kh2 h6 16. Bh4 g5 17. Bxg5 hxg5 18. Nxg5 Nf6 19. Nxe6 Qxe6 20. Qc2 Rad8 21. g4
fxg3+ 22. fxg3 Bh6 23. Nf3 Qc6 24. Qb3+ Kh8 25. Nxe5 Qxe4 26. Bd3 Ng4+ 27. Nxg4
Qxd3 28. Rad1 Qh7 29. Re6 Rxd1 30. Qxd1 Bg7 31. Qe2 Qf5 32. Re4 Nd5 33. Kg2
Bxc3 34. Nh6 Qd7 35. bxc3 Nxc3 36. Nf7+ Rxf7 37. Re8+ Kg7 38. Qe5+ Kg6 39. Re6+
Kh7 40. Qh5+ Kg8 41. Qg6+ Kf8 42. Qh6+ Rg7 43. Qf4+ Kg8 44. Rf6 Qd5+ 45. Kf1
Qh1+ 0-1